<?xml version="1.0" encoding="UTF-8"?>
<collection xmlns="http://www.loc.gov/MARC21/slim">
  <record>
    <leader>00000nam  2200000   4500</leader>
    <controlfield tag="001">INLIS000000000810028</controlfield>
    <controlfield tag="005">20251007094000</controlfield>
    <datafield tag="035" ind1="#" ind2="#">
      <subfield code="a">0010-1025000011</subfield>
    </datafield>
    <datafield tag="100" ind1="#" ind2="#">
      <subfield code="a">ALI YASIR</subfield>
    </datafield>
    <datafield tag="245" ind1="1" ind2="#">
      <subfield code="a">BISMILLAH BERTERNAK LEBAH :</subfield>
      <subfield code="b">Buku Penunjang Kegiatan dan Ketrampilan /</subfield>
      <subfield code="c">ALI YASIR</subfield>
    </datafield>
    <datafield tag="250" ind1="#" ind2="#">
      <subfield code="a">Cetakan 2</subfield>
    </datafield>
    <datafield tag="260" ind1="#" ind2="#">
      <subfield code="a">jakarta : :</subfield>
      <subfield code="b">PT Intermasa,,</subfield>
      <subfield code="c">2006</subfield>
    </datafield>
    <datafield tag="300" ind1="#" ind2="#">
      <subfield code="a">39 :</subfield>
      <subfield code="b">ilus ;</subfield>
      <subfield code="c">20 x 14,5 cm</subfield>
    </datafield>
    <datafield tag="520" ind1="#" ind2="#">
      <subfield code="a">Beternak lebah madu bukanlah sulit, namun memerlukan kesungguhan dalam nengerjakannya. buku ini memberikan petunjuk praktis dan sederhana bagaimana dapat beternak lebah yang dilengkapi dengan berbagai ilustrasi.</subfield>
    </datafield>
    <datafield tag="990" ind1="#" ind2="#">
      <subfield code="a">746</subfield>
    </datafield>
    <controlfield tag="007">ta</controlfield>
    <controlfield tag="008">251007###########################0#ind##</controlfield>
    <datafield tag="020" ind1="#" ind2="#">
      <subfield code="a">979-3791-16-0</subfield>
    </datafield>
    <datafield tag="082" ind1="#" ind2="#">
      <subfield code="a">638.19</subfield>
    </datafield>
    <datafield tag="084" ind1="#" ind2="#">
      <subfield code="a">638.19 ALI b</subfield>
    </datafield>
  </record>
</collection>
